00332nam a2200121Ia 4500008004100000041000800041082001600049100001700065245004500082260003900127300003100166365001300197240624s9999 xx 000 0 und d aeng a658.421 JOH aJOHNSON LUKE aSTART IT UP WHY RUNNING YOUR OWN BUSINES c2013aNew DelhibPortfolio Penguin axiv, : 253 : p. : cm. ; 19 cRSb28.5